Implementing the IBM Rational Unified Process and solutions : a guide to improving your software development capability and maturity

Αποθηκεύτηκε σε:
Λεπτομέρειες βιβλιογραφικής εγγραφής
Κύριος συγγραφέας: Barnes, Joshua
Μορφή: Βιβλίο
Γλώσσα:English
Δημοσίευση: Upper Saddle River, NJ : IBM Press, c2007
Θέματα:
Ετικέτες: Προσθήκη ετικέτας
Δεν υπάρχουν, Καταχωρήστε ετικέτα πρώτοι!

MARC

LEADER 00000nam a2200000 i 4500
001 1/95784
008 081020s2007 eng d
020 |a 0-321-36945-9 
035 |l 10101030 
040 |a GR-MY-UA  |b gre  |e aacr 
041 0 |a eng 
082 0 |a 005.3  |2 (22) 
100 1 |a Barnes, Joshua. 
245 1 0 |a Implementing the IBM Rational Unified Process and solutions :  |b a guide to improving your software development capability and maturity /  |c Joshua Barnes 
260 |a Upper Saddle River, NJ :   |b IBM Press,   |c c2007 
300 |a xxv, 184 σ.;  |b εικ.;  |c 24 εκ. 
504 |a Περιέχει βιβλιογραφικές παραπομπές και ευρετήριο 
650 0 0 |a Computer software  |x Development. 
650 0 0 |a Software engineering. 
852 |a INST  |b SAMOS  |e 20081020  |h 005.3 BAR  |p 005300029813  |q 005300029813  |t BK  |y 0 
901 |a BIBL3-2008-3 
909 |a Σ  |b 134961 
922 |a 3ΕΛΗ  |b 200612  |c ΕΠΕΑΕΚ2/ΜΕΤ-ΤΜΠΕΣ  |d ΜΙΧΑΛΟΠΟΥΛΟΣ 
970 |a ΡΟΥΣΣΟΥ  |b ΚΩΝΣΤΑΝΤΙΝΑ  |z 2008/10/20